Rigid analytic spaces

Kaydedildi:
Detaylı Bibliyografya
Yazar: Tate, J (Yazar)
Materyal Türü: Kitap
Dil:İngilizce
Baskı/Yayın Bilgisi: Valparaíso Universidad Católica de Valparaíso 1970
Konular:
Etiketler: Etiketle
Etiket eklenmemiş, İlk siz ekleyin!

MARC

LEADER 00000nam a2200000 a 4500
001 UCP2642
003 CL-VaPUC
008 990520e19700000CL |||||||||||||||||eng|d
082 0 4 |a 516.4  |b TAT  |2 21 
100 0 |a Tate, J  |e author  |9 429543 
245 1 0 |a Rigid analytic spaces 
300 |a 51 p 
942 |c BK 
945 |d 19990520 00:00:00  |a crobeson 
260 |a Valparaíso  |b Universidad Católica de Valparaíso  |c 1970 
650 7 |a GEOMETRIA AFIN  |2 CL-VaPUC  |9 271228 
650 7 |a GEOMETRIA DE ESPACIOS  |2 CL-VaPUC  |9 429504 
583 |a last modification  |c 19990520 00:00:00  |k Rodrigo Vera 
999 |c 281152  |d 281150 
952 |0 0  |1 0  |4 0  |6 516_400000000000000_TAT_1970  |7 0  |8 A  |9 321820  |a BIBMAT  |b BIBMAT  |d 2019-11-20  |i 1346466  |o 516.4 TAT 1970  |p 1346466  |r 2025-01-07  |w 2019-11-20  |y BK  |k MAT